000 00836 a2200193 4500
001 35895
005 20260407155637.0
008 260407a1970 arg spa d
003 AR-UNSa-BCEJYS
040 _aAR-UNSa-BCEJYS
_bspa
_cAR-UNSa-BCEJYS
080 _a658.312.4
_xEducación y adiestramiento (capacitación, formación, carrera...)
245 1 0 _aPlaneamiento de la carera del personal
264 1 _aBuenos Aires :
_bEditores Asociados
_c1970
300 _a177 p.
_c22 cm.
505 _a1. El desarrollo del personal - 2. Planeamiento de carrera - 3. Técnicas de planemiento de carrera - 4. Técnicas de planeamiento - 5. Técnicas de planemiento - 7. Técnicas de planemiento - 8. La dinámica del planeamiento - 9. Casos de estudio.
942 _cBK
590 _aniveau_biblio:m niveau_hierar:0
100 1 _aMaristany, Jaime
999 _c2590
_d2590